[Event "Gorges op 22th"]
[Site "Gorges"]
[Date "2012.07.09"]
[Round "3"]
[White "Rineau, Nathan"]
[Black "Moes, Jamy"]
[Result "0-1"]
[WhiteElo "1560"]
[BlackElo "1383"]
[PlyCount "96"]
[EventDate "2012.07.08"]
[EventType "swiss"]
[EventRounds "7"]
[EventCountry "FRA"]
[SourceTitle "CBM 149 Extra"]
[Source "ChessBase"]
[SourceDate "2012.08.24"]
[SourceVersion "1"]
[SourceVersionDate "2012.08.24"]
[SourceQuality "1"]

1. c4 Nf6 2. Nc3 g6 3. g3 Bg7 4. Bg2 0-0 5. Nf3 d5 6. cxd5 Nxd5 7. 0-0 c6 8. Rb1 Bf5 9. e4 Nxc3 10. bxc3 Bxe4 11. Rxb7 c5 12. Rb2 Nd7 13. Re1 Bd5 14. d4 e6 15. Bf4 cxd4 16. cxd4 Nb6 17. Ne5 Bxg2 18. Kxg2 Qd5+ 19. Kg1 Nc4 20. Nxc4 Qxc4 21. Be5 f6 22. Bd6 Rfd8 23. Bc5 e5 24. Qb3 Qxb3 25. Rxb3 exd4 26. Rd1 Rd5 27. Bxd4 f5 28. Rbd3 Rad8 29. Kf1 Rxd4 30. Rxd4 Rxd4 31. Rb1 Rd2 32. a4 Rd4 33. Ra1 Rb4 34. Ra2 Rb1+ 35. Ke2 Rb4 36. Kd2 f4 37. g4 g5 38. f3 h6 39. Ke2 Bf6 40. Kd3 Kg7 41. Kc2 Kg6 42. Kd3 Rb3+ 43. Ke4 Re3+ 44. Kd5 Rxf3 45. Kc4 Rc3+ 46. Kb5 Rb3+ 47. Ka6 Bb2 48. a5 f3 0-1

[Event "Gorges op 22th"]
[Site "Gorges"]
[Date "2012.07.08"]
[Round "1"]
[White "Templier, Benoit"]
[Black "Moes, Jamy"]
[Result "1-0"]
[WhiteElo "1687"]
[BlackElo "1383"]
[PlyCount "85"]
[EventDate "2012.07.08"]
[EventType "swiss"]
[EventRounds "7"]
[EventCountry "FRA"]
[SourceTitle "CBM 149 Extra"]
[Source "ChessBase"]
[SourceDate "2012.08.24"]
[SourceVersion "1"]
[SourceVersionDate "2012.08.24"]
[SourceQuality "1"]

1. c4 Nf6 2. Nc3 g6 3. Nf3 Bg7 4. d4 d5 5. cxd5 Nxd5 6. e4 Nb6 7. Be2 Bg4 8. 0-0 Bxf3 9. Bxf3 Qxd4 10. Qc2 0-0 11. Nb5 Qe5 12. Nc3 Nc6 13. Ne2 Qe6 14. Nf4 Qc4 15. Qxc4 Nxc4 16. Nd5 Be5 17. Rb1 e6 18. Ne3 Nd6 19. Bd2 Nd4 20. Rfd1 Nxf3+ 21. gxf3 c5 22. Ng4 Bd4 23. b4 f5 24. bxc5 fxg4 25. cxd6 Rxf3 26. Be1 Bb6 27. d7 g3 28. Rxb6 gxh2+ 29. Kxh2 axb6 30. d8Q+ Rxd8 31. Rxd8+ Kg7 32. Rd6 Ra3 33. Rxb6 Rxa2 34. Rxb7+ Kh6 35. Rd7 Re2 36. Bd2+ g5 37. Be3 Kg6 38. Re7 g4 39. Rxe6+ Kf7 40. Ra6 Rc2 41. Kg3 Rc4 42. Kf4 Kg7 43. Kf5 1-0

[Event "Cholet-E"]
[Site "Cholet"]
[Date "2012.02.23"]
[Round "9"]
[White "Audrain, Gilles"]
[Black "Moes, Jamy"]
[Result "1-0"]
[WhiteElo "1341"]
[BlackElo "1374"]
[PlyCount "157"]
[EventDate "2012.02.18"]
[EventType "swiss"]
[EventRounds "9"]
[EventCountry "FRA"]
[SourceTitle "EXT 2013"]
[Source "ChessBase"]
[SourceDate "2012.11.22"]
[SourceVersion "1"]
[SourceVersionDate "2012.11.22"]
[SourceQuality "1"]

1. e4 e5 2. Nf3 Nf6 3. Nc3 Bb4 4. Nd5 Nxd5 5. exd5 0-0 6. c3 Bc5 7. b4 Bb6 8. Be2 e4 9. Ne5 Qf6 10. Ng4 Qg6 11. 0-0 d6 12. Kh1 c6 13. dxc6 bxc6 14. Ne3 f5 15. f4 exf3 16. Bxf3 f4 17. Nc4 Bc7 18. d4 Ba6 19. Be2 d5 20. Ne5 Bxe5 21. Bxa6 Bxd4 22. Qxd4 Nxa6 23. b5 cxb5 24. Qxd5+ Qf7 25. Qxb5 Nc7 26. Qd3 Ne6 27. Ba3 Rfd8 28. Qf3 Rac8 29. Bb4 Rc4 30. Rad1 Rxd1 31. Rxd1 Rc8 32. Qg4 h5 33. Qf3 Ng5 34. Qd5 Ne6 35. Qd7 Qxd7 36. Rxd7 Rd8 37. Rd6 Re8 38. Kg1 Ng5 39. Rd5 Ne4 40. c4 Nf6 41. Ra5 Re4 42. Rc5 Re2 43. a4 Ne4 44. Rc8+ Kh7 45. c5 Rb2 46. Be1 Rc2 47. c6 a5 48. c7 Nd6 49. Rd8 Rxc7 50. Rxd6 Rc4 51. Bxa5 Rxa4 52. Rd5 h4 53. Bc3 h3 54. Rh5+ Kg6 55. Rxh3 Ra3 56. Rf3 Kh7 57. Kf2 g5 58. g3 Ra2+ 59. Kg1 fxg3 60. Rxg3 Kg6 61. h4 Ra6 62. Rxg5+ Kh7 63. Kf2 Ra2+ 64. Kg3 Ra3 65. Rc5 Kh6 66. Rc6+ Kh5 67. Rc5+ Kh6 68. Kf2 Ra4 69. Bd2+ Kh7 70. Bg5 Kg6 71. Kf3 Kh5 72. Be7+ Kh6 73. Bf8+ Kh7 74. h5 Ra6 75. Kg4 Rf6 76. Rc7+ Kg8 77. Bg7 Re6 78. h6 Kh7 79. Kf5 1-0

[Event "Cholet-D"]
[Site "Cholet"]
[Date "2011.03.09"]
[Round "6"]
[White "Blondel, Valentin"]
[Black "Moes, Jamy"]
[Result "1-0"]
[WhiteElo "1499"]
[BlackElo "1347"]
[PlyCount "95"]
[EventDate "2011.03.05"]
[EventType "tourn"]
[EventRounds "9"]
[EventCountry "FRA"]
[SourceTitle "EXT 2012"]
[Source "ChessBase"]
[SourceDate "2011.11.24"]
[SourceVersion "1"]
[SourceVersionDate "2011.11.24"]
[SourceQuality "1"]

1. Nf3 d5 2. c4 Nf6 3. cxd5 Nxd5 4. e4 Nf6 5. Be2 Bg4 6. 0-0 Bxf3 7. Bxf3 e5 8. Nc3 Be7 9. Re1 0-0 10. a3 Re8 11. Qc2 Na6 12. d3 Nc5 13. Be2 a5 14. Be3 c6 15. Na4 Nxa4 16. Qxa4 b5 17. Qc2 Rc8 18. Bc5 Bxc5 19. Qxc5 Qd4 20. Qxd4 exd4 21. Rac1 c5 22. Rc2 c4 23. f3 cxd3 24. Bxd3 Rxc2 25. Bxc2 Nd5 26. Kf2 Ne3 27. Re2 Rc8 28. Bd3 h5 29. Bxb5 h4 30. Rd2 Rd8 31. Bd3 f6 32. b4 axb4 33. axb4 Rc8 34. b5 Nc4 35. Rc2 Nb6 36. Rxc8+ Nxc8 37. f4 g6 38. Kf3 Kf7 39. Kg4 Ke6 40. Kxh4 f5 41. Kg5 fxe4 42. Bxe4 Nd6 43. Bd3 Kf7 44. Bxg6+ Ke6 45. Bd3 Nb7 46. f5+ Kd6 47. Kf4 Nc5 48. Bf1 1-0

[Event "Cholet-D"]
[Site "Cholet"]
[Date "2011.03.08"]
[Round "5"]
[White "Sellier, Frederic"]
[Black "Moes, Jamy"]
[Result "0-1"]
[WhiteElo "1460"]
[BlackElo "1347"]
[PlyCount "89"]
[EventDate "2011.03.05"]
[EventType "tourn"]
[EventRounds "9"]
[EventCountry "FRA"]
[SourceTitle "EXT 2012"]
[Source "ChessBase"]
[SourceDate "2011.11.24"]
[SourceVersion "1"]
[SourceVersionDate "2011.11.24"]
[SourceQuality "1"]

1. c4 e5 2. Nc3 f5 3. d3 Nc6 4. e4 d6 5. Nf3 Be7 6. d4 exd4 7. Nxd4 Nxd4 8. Qxd4 Bf6 9. Qe3 Qe7 10. Nd5 Qf7 11. Bd3 fxe4 12. Qxe4+ Be6 13. 0-0 0-0-0 14. Rb1 Bxd5 15. Qxd5 Qxd5 16. cxd5 Re8 17. b3 Re5 18. Bc4 b5 19. Bxb5 Rxd5 20. Bc4 Rd4 21. Be3 Re4 22. Rfc1 Ne7 23. Bxa7 c5 24. Bb6 Kb7 25. Ba5 Nc6 26. Bd5 Rd4 27. Bxc6+ Kxc6 28. b4 Bd8 29. b5+ Kb7 30. Bc3 Ra4 31. Rc2 Bf6 32. Bxf6 gxf6 33. Re1 Rd4 34. f3 f5 35. g3 Kb6 36. Rb2 c4 37. Rb4 d5 38. a4 Rd2 39. Re6+ Kc5 40. Rb1 Ra8 41. Rc6+ Kd4 42. Ra1 c3 43. b6 c2 44. b7 Rd1+ 45. Kg2 0-1

[Event "Cholet-D"]
[Site "Cholet"]
[Date "2011.03.07"]
[Round "4"]
[White "Moes, Jamy"]
[Black "Pinet, Jerome"]
[Result "0-1"]
[WhiteElo "1347"]
[BlackElo "1520"]
[PlyCount "48"]
[EventDate "2011.03.05"]
[EventType "tourn"]
[EventRounds "9"]
[EventCountry "FRA"]
[SourceTitle "EXT 2012"]
[Source "ChessBase"]
[SourceDate "2011.11.24"]
[SourceVersion "1"]
[SourceVersionDate "2011.11.24"]
[SourceQuality "1"]

1. e4 e5 2. Nf3 d6 3. Bc4 h6 4. d4 exd4 5. Nxd4 Nf6 6. Qd3 Nbd7 7. Nf3 Qe7 8. 0-0 a6 9. Re1 Ne5 10. Nxe5 dxe5 11. a4 c6 12. c3 Qc7 13. b4 Be7 14. h3 0-0 15. f4 Be6 16. Bxe6 fxe6 17. a5 exf4 18. e5 Nh5 19. Qg6 f3 20. gxf3 Nf4 21. Bxf4 Rxf4 22. Qg3 Raf8 23. Re3 R8f5 24. Nd2 Rg5 0-1